Creative living (Бичлэгийн дугаар. 146161)
| 000 -УДИРДЛАГА | |
|---|---|
| Удирдлага | 00753nam a22002537a 4500 |
| 003 - ХЯНАЛТЫН ТОО ТОДОРХОЙЛОГЧ | |
| Код | MN-UlNUM |
| 005 - БИЧИЛТ ХИЙСЭН ОГНОО | |
| Тухайн бичилтийг бичсэн засварласан сүүлийн огноо | 20260112122932.0 |
| 008 - ЕРӨНХИЙ МЭДЭЭЛЭЛ | |
| Ерөнхий мэдээлэл | 260112s1994 nyua|j|| |||| 001 0 eng | |
| 020 ## - ISBN | |
| ISBN | 0026756463 |
| 040 ## - БИЧЛЭГ ҮҮСГЭГЧ БАЙГУУЛЛАГА | |
| Бичлэг үүсгэгч номын сангийн код | МУИС-ийн номын сан |
| 084 ## - ББК АНГИЛАЛ | |
| Нэмэлт тусгалт | Бусад |
| ББК ангилал | 65.495 |
| Зохиогчийн гурван тэмдэгт | C 89 |
| Мэдлэгийн ялгаа | 65 - Эдийн засаг |
| 245 00 - ҮНДСЭН ГАРЧИГ | |
| Номын нэр | Creative living |
| Бага гарчгийн мэдээ | Basic concepts in home economics |
| Оролцогчдын тухай мэдээ | consulting authors, Josephine A. Foster ... [et al.]. |
| 250 ## - ДАХИН ХЭВЛЭЛТ | |
| Дахин гаралтын дугаар | 5th ed. |
| 260 ## - ГАРАЛТЫН МЭДЭЭ | |
| Хэвлэгдсэн газар | New York, N.Y. : |
| Хэвлэлийн газар | MacLean Hunter Learning Resources, |
| Хэвлэгдсэн он | 1994. |
| 300 ## - МАТЕРИАЛЫН ТОДОРХОЙЛОЛТ | |
| хуудасны тоо | 704p. : |
| Бусад тоон мэдээлэл | ill. (some col.) ; |
| 500 ## - Тайлбар | |
| Дансны дугаар | БС 4937 |
| 546 ## - ХЭЛНИЙ ТУХАЙ МЭДЭЭ | |
| Хэл | Англи хэл дээр, |
| 740 ## - НОМЫН ГАРЧИГ | |
| Гарчиг | You as an Individual |
| 740 ## - НОМЫН ГАРЧИГ | |
| Гарчиг | The Teen Years |
| 740 ## - НОМЫН ГАРЧИГ | |
| Гарчиг | Your Health and Wellness |
| 740 ## - НОМЫН ГАРЧИГ | |
| Гарчиг | Examining Your Goals |
| 942 ## - ЭЛЕМЕНТИЙН ТӨРӨЛ | |
| Зүйлийн төрөл | Ном |
